| 000 | 00445nam a22001697a 4500 | ||
|---|---|---|---|
| 003 | MPLRDC | ||
| 005 | 20220104123257.0 | ||
| 008 | 210129b ||||| |||| 00| 0 eng d | ||
| 082 | _a192 WAR-2 | ||
| 100 | _aG.KINGSLEY WARD | ||
| 245 |
_a企业家爸爸给儿子的三十封信 _c |
||
| 250 | _a初版 | ||
| 260 |
_a台湾 _b凯信出版事业有限公司 _c1987 |
||
| 300 | _b平 | ||
| 650 | _a个人伦理; 修身 | ||
| 942 |
_cBK _o192 WAR-2 |
||
| 999 |
_c10011 _d10001 |
||